000 00706nam a2200193 i 4500
001 129344
003 ES-MaACL
005 20250605122950.0
007 t|
008 070612s1950 sp ||||1| spa d
100 1 _aTerrero, José.
_9109785
245 1 0 _aPaisajes y pastoras en las Serranillas del Marqués de Santillana /
_cpor José Terrero.
260 _aMadrid :
_b[s.n.],
_c1950.
300 _a34 p. :
_bil. ;
_c25 cm.
500 _aEs Separata de Cuadernos de Literatura. Fasc. 19-20-21. Enero-Junio 1950.
600 1 4 _aSantillana, Iñigo López de Mendoza, Marqués de,
_d1398-1458-
_xCrítica e interpretación
_9103422
852 _aES-MaACL
_j1928-F-17
_bR.31392
999 _c129344
_d129344